Personajes de Phineas y Ferb #1 - Estadísticas

Estadísticas generales
  • Esta prueba ha sido intentada 76 veces
  • La puntuación promedio es 10 de 16
Estadísticas de respuestas
Imagen Respuesta % Correcto
Agente P
100%
Ferb
100%
Phineas
100%
Candace
97%
Perry
95%
Isabella
83%
Jeremy
65%
Vanessa
51%
Buford
48%
Heinz Doofenshmirtz
43%
Baljeet
38%
Linda
38%
Carl
37%
Stacy
34%
Monogram
26%
Lawrence
17%
No se encontraron pruebas coincidentes
Distribución de puntuación
Porcentaje de gente con cada puntuación
Porcentaje por número respondido
Historial de tus puntuaciones
No has intentado esta prueba.